| 000 | 00000ngm 2200000za 4500 |
| 001 | 9.845474 |
| 003 | CaOODSP |
| 005 | 20240405085225 |
| 006 | m o c f |
| 007 | cr cna|||a|||| |
| 008 | 171012s2015 onc031 fo vcfre d |
| 040 | |aCaOODSP|bfre |
| 043 | |an-cn--- |
| 086 | 1 |aRv4-96/2015F-MP4 |
| 245 | 00|aPrincipes de base de la paie |h[ressource électronique] : |bcomment fonctionnent les retenues sur la paie. |
| 260 | |a[Ottawa] : |bAgence du revenu du Canada, |cc2015. |
| 300 | |a1 vidéo en streaming (30 min., 54 sec.) : |bs., coul. |
| 500 | |aPubl. aussi en anglais sous le titre : Payroll basics: how payroll works. |
| 500 | |aTitre du titre d'écran. |
| 520 | |a« Ce webinaire donnera un aperçu sur les principes de base du fonctionnement des retenues sur la paie au Canada. Il met l'accent sur les nouveaux employeurs et est destiné à aider les personnes qui ne sont pas familières avec les retenues sur la paie à comprendre leur rôle et leurs responsabilités envers leurs employés et l'ARC. L'information sera également utile à toute personne qui reçoit un chèque de paie et qui veut comprendre ce qui a été déduit et pourquoi »--Fournis par l'éditeur. |
| 538 | |aExigences du système : Windows Media Player. |
| 538 | |aMode d'accès : World Wide Web. |
| 692 | 07|2gccst|aSalaire |
| 692 | 07|2gccst|aCrédit d'impôt |
| 710 | 2 |aAgence du revenu du Canada. |
| 775 | 08|tPayroll basics |w(CaOODSP)9.845472 |
| 856 | 40|qMP4|s107.84 Mo|uhttps://publications.gc.ca/collections/collection_2017/arc-cra/Rv4-96-2015-fra.mp4 |